000 02280nam0a2200385 4500
001 RU\NLR\BIBL_A\022010271
005 20230920103846.0
010 _a978-5-9222-1648-7
_9300
021 _aRU
_bКН-П-23-046002
_9КН-П-23-4602
035 _a(NLR Aleph) 022010271
090 _a12481440
_c12481440
100 _a20230823d2022 u y0rusy50 ca
101 0 _arus
102 _aRU
105 _aa j 000zy
181 0 _ai
_baxxe
182 0 _an
200 1 _aПротиводействие коррупции: зарубежный опыт, практики, модели
_eучебное пособие
_eдля студентов всех направлений подготовки и форм обучения
_fО. Б. Януш, А. Г. Арзамасова
_gМинистерство науки и высшего образования Российской Федерации, Федеральное государственное бюджетное образовательное учреждение высшего образования "Казанский государственный энергетический университет"
203 _aТекст
_bвизуальный
_cнепосредственный
210 _aКазань
_cОтечество
_d2022
215 _a107 с.
_cцв. ил., табл.
_d21
300 _aАвт. указаны на обороте тит. с. в макете
300 _aНа 106-й с. авт.: А. Г. Арзамасова, О. Б. Януш, кандидаты полит. наук, доценты
320 _aБиблиогр.: с. 104-105 и в подстроч. примеч.
606 1 _aКоррупция
_jУчебные издания
_xБорьба с ней
_91568424
_3RU\NLR\AUTH\66986715
686 1 _aХ883.7я7
686 1 _aХ916.8я7
700 1 _aЯнуш
_bО. Б.
_gОльга Борисовна
701 1 _aАрзамасова
_bА. Г.
_gАльфия Габдулловна
712 0 2 _4570
_aКазанский государственный энергетический университет
_9588842
_3RU\NLR\AUTH\8810044710
942 _cBOOK
980 _aNB